El Islam
Պահպանված է:
| Հիմնական հեղինակ: | |
|---|---|
| Ձևաչափ: | Գիրք |
| Լեզու: | իսպաներեն |
| Հրապարակվել է: |
Madrid
Rialp
2001
|
| Հրատարակություն: | 2a. ed |
| Շարք: | Libros de Bolsillo, 168
|
| Խորագրեր: | |
| Ցուցիչներ: |
Ավելացրեք ցուցիչ
Չկան պիտակներ, Եղեք առաջինը, ով նշում է այս գրառումը!
|
MARC
| LEADER | 00000nam a2200000 a 4500 | ||
|---|---|---|---|
| 001 | UCM0528 | ||
| 003 | CL-VaPUC | ||
| 008 | 020301e20011000SP |||||||||||||||||spa|d | ||
| 082 | 0 | 4 | |a 297 |b MOR |2 21 |
| 100 | |a Morales Marín, José |e autor |9 467392 | ||
| 245 | 1 | 3 | |a El Islam |
| 250 | |a 2a. ed | ||
| 300 | |a 238 p | ||
| 942 | |c BK | ||
| 945 | |d 20020301 00:00:00 |a cmena | ||
| 260 | |a Madrid |b Rialp |c 2001 | ||
| 650 | 0 | |a Islamismo |9 314084 | |
| 650 | 0 | |a Creencia Religiosa |9 316904 | |
| 650 | 7 | |a COMUNIDADES MUSULMANAS |2 CL-VaPUC |9 467393 | |
| 650 | 0 | |a Costumbres y tradiciones |9 268292 | |
| 650 | 0 | |a Escatología |9 314395 | |
| 650 | 7 | |a ORACIONES |2 CL-VaPUC |9 319212 | |
| 650 | 7 | |a GUERRA SANTA |2 CL-VaPUC |9 442417 | |
| 650 | 0 | |a Misticismo |9 265505 | |
| 583 | |a last modification |c 20020301 00:00:00 |k Rodrigo Vera | ||
| 490 | 0 | |a Libros de Bolsillo, 168 | |
| 999 | |c 299432 |d 299430 | ||
| 952 | |0 0 |1 0 |4 0 |6 297_000000000000000_MOR_2001 |7 0 |8 A |9 355966 |a BIBHIS |b BIBHIS |d 2019-11-21 |i 3794253 |l 1 |o 297 MOR 2001 |p 3794253 |r 2025-01-20 |s 2022-11-18 |w 2019-11-21 |y BK |k HIS | ||